00319nam a2200133Ia 4500008004100000041000800041082001200049100002200061245001500083250001400098260003500112300003100147365000700178240624s9999 xx 000 0 und d aeng a658 ROB aROBBINS STEPHEN P aMANAGEMENT a(7th ed.) c2003aNew DelhibPrentice-Hall axix, : 674 : p. : cm. ; 26 cRS